000 00291nam a22001337a 4500
008 170403b xxu||||| |||| 00| 0 eng d
020 _a0471267902
041 _aeng
080 _25 ED
_a574
100 _a9
101 _aSHM
245 _aFUNDAMENTALS OF SCIENCE
_cFOTH.H.D
942 _2udc
_cBK
999 _c9491
_d9491